Przystanki tramwajowe w Modrowie - Statystyki

Ogólne statystyki
  • Ten quiz został rozwiązany 22 razy
    14 od ostatniego zresetowania
  • Średni wynik to 47 z 175
Statystyki odpowiedzi
Odpowiedź % Poprawnych
Dworzec Główny
100%
al. Hallera
50%
al. Kopernika
50%
Baczyńskiego
50%
Dworzec Wschodni
50%
Dworzec Zachodni
50%
Gdańska
50%
Kolejowa
50%
Kościelna
50%
Leśna
50%
Lipowa
50%
Nowodworska
50%
Politechnika
50%
Przemysłowa
50%
Ptasia
50%
Samochodowa
50%
Słowiańska
50%
Wodna
50%
Adriany
25%
al. Polskich Noblistów
25%
al. Warszawska (Cmentarz)
25%
al. Warszawska (Legnicka)
25%
Aragońska
25%
AWF
25%
Bankowa
25%
Bochneńska
25%
Bociania
25%
Brneńska
25%
Budapesztańska
25%
Bytomska
25%
Bytomska (Cmentarz)
25%
CH Kimon
25%
Czarnomorska
25%
Czempińska
25%
Daszyńskiego
25%
Epos
25%
Francuska
25%
Galeria Nawadzka
25%
Grójecka
25%
Handlowa
25%
Hutnicza (Pawilon IV)
25%
Jagodowa
25%
Jakubowska
25%
Kastylijska
25%
Kasztelańska
25%
Katowicka (Hala Modrovia)
25%
Kijowska
25%
Klub Zodiak
25%
Kobrowa
25%
Kobylińska
25%
Konopnickiej
25%
Koszycka
25%
Krakowska (Stacja)
25%
Krakowska (Szpital)
25%
Kraszewskiego
25%
Krośnieńska
25%
Krzesław
25%
Kuziennicza
25%
Łabędzia Góra
25%
Ławniki
25%
Leśnowolska
25%
Lotnicza
25%
Luary
25%
Lwowska
25%
Magellana
25%
Malczewskiego
25%
Matejki
25%
Mechaniczna
25%
Medalowa
25%
Miodowa
25%
MobiMED
25%
Modrowski Instytut Lotnictwa
25%
Morawska
25%
Most Bratysławski
25%
Most Nowotarski
25%
Mosty Poznańskie
25%
Mrągowska
25%
Muzeum Sztuki Współczesnej
25%
Narutowicza
25%
Nawady
25%
Neapolitańska
25%
Norwida
25%
Nowa
25%
Nowe Huty
25%
Nowosądecka
25%
Nowy Rynek
25%
Ogrodowa
25%
os. Fabryczne
25%
os. Kwiatowe
25%
os. Nowa Ruda
25%
os. Tobruk
25%
os. Tysiąclecia
25%
os. Zygmunta Augusta
25%
Owocowa
25%
Palatyńska
25%
Park Mojski
25%
Park Nowomiejski
25%
Park Ostrawski
25%
Park Pokoju
25%
Park Reymonta
25%
Partyjna
25%
Paryska
25%
Pastelowa
25%
Pasterska
25%
Patryków
25%
PKP Karki
25%
PKP Leśnice
25%
PKP Mikołów
25%
PKP Nowy Dwór
25%
PKP Ptaszów
25%
PKP Stary Dwór
25%
Pl. Armii Krajowej
25%
Pl. Bora Komorowskiego
25%
Pl. Dworcowy
25%
Pl. Jana Pawła II
25%
Pl. Krasińskich
25%
Pl. Legionów
25%
Pl. Mickiewicza
25%
Pl. Miński
25%
Pl. Rakowiecki
25%
Pl. Wyzwolenia
25%
Podkarpacka
25%
Podkarpacka (Muzeum Narodowe)
25%
Pola Pacławskie
25%
Port Lotniczy Hodała
25%
Praska Wyspa
25%
Przesieka
25%
Przybyszewskiego
25%
Raciborska
25%
Radogost
25%
Rdestowa
25%
Remontowa
25%
Rondo Olkuskie
25%
Rondo Powstańców Warszawskich
25%
Rozłąka
25%
Rydze
25%
Sarmatów
25%
Skrzyneckiego
25%
Słowackiego - Teatr
25%
Smoluchowskiego
25%
Sobczaka
25%
Sobieskiego
25%
Sokołowska
25%
Szpital Centralny
25%
Szpital Kardiologiczny
25%
Szpital Radiologiczny
25%
Targowa
25%
Tony
25%
Toruńska
25%
Traugutta
25%
Troki
25%
Tunelowa
25%
Unijna
25%
Uniwersytet Artystyczny
25%
Uniwersytet Medyczny
25%
Uniwersytet Modrowski
25%
Waryńskiego
25%
Wilcza
25%
Wrzesińska
25%
Wspólnotowa
25%
Wyszyńskiego
25%
Wzgórze Pilotów
25%
Zamkowa
25%
Zaporoska
25%
Zdrojowa
25%
Żeromskiego
25%
ZOO
25%
Żwirki i Wigury
25%
Zygmunta III Wazy
25%
Dąbrowskiego (Hala Kapitol)
0%
Popracka
0%
Rondo Obrońców Grodna
0%
Rondo Ofiar Katastrofy Smoleńskiej
0%
Sterty
0%
Wzgórze Paderewskiego
0%
Nie znaleziono quizów pasujących do podanych kryteriów
Rozkład punktacji
Procent ludzi z każdym wynikiem
Percentyl według liczby udzielonych odpowiedzi
Twoja historia wyników
Nie rozwiązałeś tego quizu od ostatniego zresetowania